000 00381nam a22001217a 4500
008 230629b xxu||||| |||| 00| 0 eng d
082 _a346.06
_bEAC
100 _cEast African Community
245 _aEast African Community
_bThird meeting of the Council of Ministers
_cReport of the Commission
260 _aArusha, Tanzania
_bEAC
_c2001
300 _avarious panging
942 _2ddc
_cBK
999 _c3069
_d3069